000 00416nam a22001697a 4500
005 20180208153618.0
008 160701b xxu||||| |||| 00| 0 eng d
020 _a978-81-775-8765-4
041 _aeng
082 _b20452
_a006.6
100 _aHearam, Donatt D & Bakar M Pouline
_93402
245 _aComputer graphics
260 _bPearson
300 _a645
650 _aInformation Technology
_9137
942 _cBK
999 _c5082
_d5080